Thermal physics / (Record no. 41938)
[ view plain ]
| 000 -LEADER | |
|---|---|
| fixed length control field | 00818nam a22002297a 4500 |
| 005 - DATE AND TIME OF LATEST TRANSACTION | |
| control field | 2010081404534.0 |
| 010 ## - LCCN (DPL NO) | |
| LC control number | ENG-100359 |
| 020 ## - INTERNATIONAL STANDARD BOOK NUMBER | |
| International Standard Book Number | 8187134011 |
| Terms of availability | 425.00 |
| 035 ## - SYSTEM CONTROL NUMBER | |
| System control number | EN-83891 |
| 037 ## - SOURCE OF ACQUISITION | |
| Source of stock number/acquisition | DBAD/PUB |
| 082 ## - DEWEY DECIMAL CLASSIFICATION NUMBER | |
| Classification number | 536.7 |
| 100 ## - MAIN ENTRY--PERSONAL NAME | |
| Personal name | Gupta, A. B. |
| 245 ## - TITLE STATEMENT | |
| Title | Thermal physics / |
| Statement of responsibility, etc | A. B. Gupta |
| 260 ## - PUBLICATION, DISTRIBUTION, ETC. (IMPRINT) | |
| Place of publication, distribution, etc | Kolkata |
| Name of publisher, distributor, etc | Books And Allied |
| Date of publication, distribution, etc | 2010 |
| 270 ## - ADDRESS | |
| Address | No. 1-E (1) "Shubham Plaza" (1st Floor) 83/1, Beliaghata Main Road |
| City | Kolkata |
| Postal code | 700010 |
| 300 ## - PHYSICAL DESCRIPTION | |
| Extent | verious pagings |
| Dimensions | 24cm (pbk) |
| 500 ## - GENERAL NOTE | |
| General note | Includes index |
| 650 ## - SUBJECT ADDED ENTRY--TOPICAL TERM | |
| Topical term or geographic name as entry element | Statistic thermodynamics |
| 700 ## - ADDED ENTRY--PERSONAL NAME | |
| Personal name | Roy, H. P. |
| 9 (RLIN) | 13464 |
| 942 ## - ADDED ENTRY ELEMENTS (KOHA) | |
| Source of classification or shelving scheme | Dewey Decimal Classification |
| Item type | English Books |
| Classification part | 536.7 |
| Call number suffix | GUP |
| Withdrawn status | Lost status | Not for loan | Collection code | Home library | Current library | Date acquired | Source of acquisition | Cost, normal purchase price | Full call number | Barcode | Copy number | Cost, replacement price | Koha item type |
|---|---|---|---|---|---|---|---|---|---|---|---|---|---|
| Not For Loan | Fiction | D.B.Act.Division | D.B.Act.Division | 14/08/2010 | DBAD/PUB | 425.00 | 536.7 GUP | EN-83891 | 1 | 425.00 | English Books |
